EXPERIMENTS WITH INTEGRATED CIRCUITS, THE IC ELECTRONICS TOOLBOX (Record no. 573843)
[ view plain ]
| 000 -LEADER | |
|---|---|
| fixed length control field | 00384nam a22001337a 4500 |
| 020 ## - INTERNATIONAL STANDARD BOOK NUMBER | |
| International Standard Book Number | 0-13-295527-X |
| 082 ## - DEWEY DECIMAL CLASSIFICATION NUMBER | |
| Classification number | 621.3815 HIG'E |
| 100 ## - MAIN ENTRY--PERSONAL NAME | |
| Personal name | HIGGINS, RICHARD J |
| 9 (RLIN) | 65708 |
| 245 ## - TITLE STATEMENT | |
| Title | EXPERIMENTS WITH INTEGRATED CIRCUITS, THE IC ELECTRONICS TOOLBOX |
| 260 ## - PUBLICATION, DISTRIBUTION, ETC. | |
| Place of publication, distribution, etc. | NEWJERSCY |
| Name of publisher, distributor, etc. | PRENTICE HALL |
| Date of publication, distribution, etc. | 1983 |
| 300 ## - PHYSICAL DESCRIPTION | |
| Extent | 27-7P |
| 650 ## - SUBJECT ADDED ENTRY--TOPICAL TERM | |
| Topical term or geographic name entry element | INTEGRATED CIRCUITS-EXPERIMENTS |
| 9 (RLIN) | 65709 |
| 942 ## - ADDED ENTRY ELEMENTS (KOHA) | |
| Koha item type | Book |
| Withdrawn status | Lost status | Damaged status | Not for loan | Permanent Location | Current Location | Shelving location | Date acquired | Total Checkouts | Full call number | Barcode | Date last seen | Price effective from | Koha item type |
|---|---|---|---|---|---|---|---|---|---|---|---|---|---|
| College of Electrical & Mechanical Engineering (CEME) | College of Electrical & Mechanical Engineering (CEME) | General Stacks | 07/28/2017 | 621.3815 HIG'E | CEME-22380 | 06/28/2021 | 06/28/2021 | Book |
